Logo CIB grande

LAS PREGUNTAS QUE CIERRAN LA VENTA: COMO DESCUBRIR LAS VERDADERAS NECESIDADES DE SUS CLIENTES (Registro nro. 194796)

Detalles MARC
000 -LEADER
campo de control de longitud fija 00870nam a2200289Ia 4500
005 - FECHA Y HORA DE LA ÚLTIMA TRANSACCIÓN
campo de control 20250425160723.0
008 - DATOS DE LONGITUD FIJA--INFORMACIÓN GENERAL
campo de control de longitud fija 250425s9999 xx 000 0 und d
020 ## - NÚMERO INTERNACIONAL ESTÁNDAR DEL LIBRO
Número Internacional Estándar del Libro 9580432376
041 ## - CÓDIGO DE IDIOMA
Código de lengua del texto/banda sonora o título independiente spa
043 ## - CÓDIGO DE ÁREA GEOGRÁFICA
Código de área geográfica ck
082 ## - NÚMERO DE LA CLASIFICACIÓN DECIMAL DEWEY
Número de clasificación 658.8
010 ## - NÚMERO DE CONTROL DE LA BIBLIOTECA DEL CONGRESO
Número de control de LC 3432
100 ## - ENTRADA PRINCIPAL--NOMBRE DE PERSONA
Nombre de persona BRENNAN, CHARLES D.
245 #0 - MENCIÓN DEL TÍTULO
Título LAS PREGUNTAS QUE CIERRAN LA VENTA: COMO DESCUBRIR LAS VERDADERAS NECESIDADES DE SUS CLIENTES
250 ## - MENCION DE EDICION
Mención de edición 1A ED.
260 ## - PUBLICACIÓN, DISTRIBUCIÓN, ETC.
Lugar de publicación, distribución, etc. Colombia
Nombre del editor, distribuidor, etc. NORMA
Fecha de publicación, distribución, etc. 1995
260 ## - PUBLICACIÓN, DISTRIBUCIÓN, ETC.
Lugar de publicación, distribución, etc. S.L.
300 ## - DESCRIPCIÓN FÍSICA
Extensión 189
500 ## - NOTA GENERAL
Nota general 28329 S/ 30.000 L. CIENTIF. ING. MECA.#97.01.13
500 ## - NOTA GENERAL
Nota general Título Traducido: SALES QUESTIONS THAT CLOSE THE SALE: HOW TO UNCOVER YOUR CUSTOMERS REAL NEEDS
650 ## - PUNTO DE ACCESO ADICIONAL DE MATERIA--TÉRMINO DE MATERIA
Término de materia o nombre geográfico como elemento de entrada CLIENTES
650 ## - PUNTO DE ACCESO ADICIONAL DE MATERIA--TÉRMINO DE MATERIA
Término de materia o nombre geográfico como elemento de entrada ESTRATEGIAS DE DESARROLLO
650 ## - PUNTO DE ACCESO ADICIONAL DE MATERIA--TÉRMINO DE MATERIA
Término de materia o nombre geográfico como elemento de entrada MERCADOTECNIA
650 ## - PUNTO DE ACCESO ADICIONAL DE MATERIA--TÉRMINO DE MATERIA
Término de materia o nombre geográfico como elemento de entrada MERCADOTECNIA Y VENTAS
700 ## - ENTRADA AGREGADA--NOMBRE PERSONAL
Nombre de persona HELENA SALAZAR
Término indicativo de función/relación traductor
942 ## - ELEMENTOS DE ENTRADA SECUNDARIOS (KOHA)
Tipo de ítem Koha Libros
Existencias
Estatus retirado Estado de pérdida Fuente de la clasificación o esquema de estantería Estado de daño No para préstamo Biblioteca de origen Biblioteca actual Ubicación en estantería Fecha de adquisición Coste, precio normal de compra Total de préstamos Signatura topográfica completa Código de barras Copia número Tipo de ítem Koha Nota pública
    Clasificación Decimal Dewey     ESCUELA DE NEGOCIOS ESCUELA DE NEGOCIOS   03/08/2001 0.01   658.8 D-P 01429 2 Libros DONADO

Copyright 2025 ESPOL. Todos los derechos reservados.